000 01269nam a2200301 a 4500
001 000022495
003 DO-SdBNP
005 20240409104013.0
008 101012s1980 dr r 000 0 spa d
020 _a8484010325
040 _aDO-SdBNP
_bspa
_cBPMSU
082 4 _a327.73097293
_bK69a 1980
_222
100 1 _aKnight, Melvin Moses,
_d1887-
245 1 4 _aLos americanos en Santo Domingo :
_bepisodios de imperialismo americano /
_cMelvin M. Knight.
260 _aSanto Domingo :
_bEditora Santo Domingo,
_c1980.
300 _a178 p. ;
_c25 cm.
490 0 _aSociedad Dominicana de Bibliófilos
500 _aIncluye referencias bibliográficas y notas al pie de las páginas
500 _aaTraducción hecha a diligencia de la Universidad de Santo Domingo, con la autorización de la Vanguard Press, de New York,.
590 _aInventariado, 2024/VM
650 4 _aEstadounidenses en República Dominicana.
651 4 _aRepública Dominicana
_xRelaciones exteriores
_zEstados Unidos.
_2
651 4 _aEstados Unidos
_xRelaciones exteriores
_zRepública Dominicana.
651 4 _aRepública Dominicana
_xPolítica y gobierno.
710 2 _3Sociedad Dominicana de Bibliófilos
910 _aVMateo V. Control de calidad. BPMSU
942 _2ddc
_cBK
999 _c14620
_d14620